[Event "SG Porz-SV 1932 Homburg-Erbach"]
[Site "?"]
[Date "2010.12.28"]
[Round "4.1"]
[White "Müller, Sophie"]
[Black "Reksten, Anne"]
[Result "1/2-1/2"]
[WhiteElo "1283"]
[BlackElo "1341"]
[PlyCount "35"]
[EventDate "2010.??.??"]
[WhiteTeam "SV 1932 Homburg-Erbach"]
[BlackTeam "SG Porz"]

1. d4 {[%emt 0:00:00]} d5 2. Bf4 Nf6 3. e3 e6 4. c4 c6 5. Nc3 Nbd7 6. Nf3 Bb4
7. Qb3 Qa5 8. Bd3 Bxc3+ 9. Qxc3 Qxc3+ 10. bxc3 O-O 11. O-O b6 12. Rab1 Ba6 13.
Nd2 Rfc8 14. Rfc1 c5 15. Bf1 h6 16. cxd5 Bxf1 17. Kxf1 Nxd5 18. Bg3 1/2-1/2

[Event "SG Porz-SV 1932 Homburg-Erbach"]
[Site "?"]
[Date "2010.12.28"]
[Round "4.2"]
[White "Gadschisade, Natawan"]
[Black "Boussonville, Anna"]
[Result "1/2-1/2"]
[WhiteElo "1179"]
[BlackElo "1023"]
[PlyCount "31"]
[EventDate "2010.??.??"]
[WhiteTeam "SG Porz"]
[BlackTeam "SV 1932 Homburg-Erbach"]

1. e4 e5 2. Nf3 Nc6 3. Bc4 Nf6 4. Ng5 d5 5. exd5 Nxd5 6. d3 Be7 7. Qf3 Be6 8.
Nxe6 fxe6 9. Bb5 Bf6 10. c4 Ndb4 11. Bxc6+ bxc6 12. Na3 O-O 13. O-O Rb8 14. Rd1
Bh4 15. Qe2 Bxf2+ 16. Kh1 1/2-1/2

[Event "SG Porz-SV 1932 Homburg-Erbach"]
[Site "?"]
[Date "2010.12.28"]
[Round "4.3"]
[White "Friedel, Laura"]
[Black "Lütje, Melanie"]
[Result "1/2-1/2"]
[WhiteElo "747"]
[BlackElo "911"]
[PlyCount "77"]
[EventDate "2010.??.??"]
[WhiteTeam "SV 1932 Homburg-Erbach"]
[BlackTeam "SG Porz"]

1. e4 e5 2. Nf3 Nc6 3. Bc4 Bc5 4. O-O Nf6 5. d3 d6 6. Ng5 O-O 7. Qf3 Be6 8. Nc3
Nd4 9. Qg3 Nxc2 10. Rb1 Bxc4 11. dxc4 Nd4 12. Qh4 h6 13. Re1 Bb4 14. Re3 Bxc3
15. Rxc3 Ne2+ 16. Kf1 Nxc3 17. bxc3 b6 18. Rb2 c6 19. Re2 d5 20. cxd5 cxd5 21.
exd5 Nxd5 22. Qe4 g6 23. Qxe5 hxg5 24. Bxg5 f6 25. Qe6+ Rf7 26. Bh6 Nxc3 27.
Re1 Qd3+ 28. Kg1 Qf5 29. Qc6 Nxa2 30. Qxa8+ Kh7 31. Bd2 Rd7 32. Bc3 g5 33. Qc8
Qd3 34. h3 Nxc3 35. Qe8 Rg7 36. Qh5+ Kg8 37. Qe8+ Kh7 38. Qh5+ Kg8 39. Qe8+
1/2-1/2

[Event "SG Porz-SV 1932 Homburg-Erbach"]
[Site "?"]
[Date "2010.12.28"]
[Round "4.4"]
[White "Siegel, Aurelia"]
[Black "Haas, Vanessa"]
[Result "1-0"]
[WhiteElo "800"]
[BlackElo "812"]
[PlyCount "85"]
[EventDate "2010.??.??"]
[WhiteTeam "SG Porz"]
[BlackTeam "SV 1932 Homburg-Erbach"]

1. e4 {[%emt 0:00:00]} e5 2. Nf3 Nc6 3. d4 f6 4. Bc4 Bb4+ 5. Nc3 d6 6. d5 Na5
7. Bd3 Bd7 8. O-O Qe7 9. Bd2 b6 10. Nb5 Bxd2 11. Qxd2 Nb7 12. Nxc7+ Kd8 13.
Nxa8 Qf7 14. Qc3 Nc5 15. b4 Na6 16. Bxa6 Qg6 17. Nd2 Bh3 18. Qg3 Qh6 19. gxh3
Qxd2 20. Qxg7 Qg5+ 21. Qxg5 fxg5 22. Kh1 Nf6 23. Rae1 Rg8 24. Rg1 h5 25. Be2 g4
26. h4 Nxe4 27. Bc4 Nxf2+ 28. Kg2 Nh3 29. Rgf1 Nf4+ 30. Kg3 Rf8 31. Bd3 Ke7 32.
Nc7 Rf6 33. Nb5 a6 34. Nc3 Kf7 35. Ne4 Rg6 36. Ng5+ Kf6 37. Bxg6 Kxg6 38. Ne4
Nxd5 39. Nxd6 Nxb4 40. Rxe5 Nxc2 41. Re6+ Kg7 42. Rf7+ Kg8 43. Re8# 1-0

[Event "SF Paderborn 2000-SK Freiburg-Zähringen"]
[Site "?"]
[Date "2010.12.28"]
[Round "4.2"]
[White "Bürger, Jessica"]
[Black "Hund, Sarah"]
[Result "0-1"]
[WhiteElo "1318"]
[BlackElo "1270"]
[PlyCount "158"]
[EventDate "2010.??.??"]
[WhiteTeam "SF Paderborn 2000"]
[BlackTeam "SK Freiburg-Zähringen 1887 e.V."]

1. e4 e5 2. Nf3 Nc6 3. Bc4 Bc5 4. Nc3 d6 5. d3 Nf6 6. h3 O-O 7. O-O Be6 8. Bb3
d5 9. exd5 Nxd5 10. Nxd5 Bxd5 11. Bxd5 Qxd5 12. Re1 Rad8 13. Be3 Rfe8 14. Bxc5
Qxc5 15. Qe2 f6 16. Rad1 Nb4 17. c3 Nc6 18. Qe4 Qd5 19. Qxd5+ Rxd5 20. Nd2 Red8
21. Nb3 Rxd3 22. Rxd3 Rxd3 23. Kf1 Kf7 24. Rc1 Rd5 25. Ke2 Na5 26. c4 Nxb3 27.
axb3 Rd6 28. b4 Ke6 29. Ke3 Rb6 30. b5 a6 31. bxa6 Rxb2 32. axb7 Rxb7 33. Ra1
g6 34. Ra6+ Rb6 35. Ra7 Rb3+ 36. Ke2 Kd7 37. Ra5 Kc6 38. Kd2 Kb6 39. Rd5 Kc6
40. Kc2 Ra3 41. Kb2 Ra6 42. Kb3 h6 43. Kb4 Kb7 44. Rb5+ Rb6 45. c5 Rxb5+ 46.
Kxb5 c6+ 47. Kc4 Ka6 48. Kb4 f5 49. Ka4 f4 50. f3 g5 51. Kb4 h5 52. Kc4 Ka5 53.
Kd3 Kb4 54. Ke4 Kxc5 55. Kxe5 Kb4 56. Kf5 c5 57. Kxg5 c4 58. Kxf4 c3 59. Ke3
Kb3 60. f4 c2 61. f5 c1=Q+ 62. Ke4 Qg5 63. g4 hxg4 64. hxg4 Qxg4+ 65. Ke5 Qg7+
66. f6 Qf7 67. Kf5 Kc4 68. Kg5 Kd5 69. Kf5 Kd6 70. Kg5 Ke6 71. Kf4 Qxf6+ 72.
Ke4 Qh4+ 73. Ke3 Ke5 74. Kd3 Qb4 75. Ke3 Qc3+ 76. Ke2 Kf4 77. Kd1 Qb2 78. Ke1
Ke3 79. Kf1 Qf2# 0-1

[Event "SF Paderborn 2000-SK Freiburg-Zähringen "]
[Site "?"]
[Date "2010.12.28"]
[Round "4.1"]
[White "Bajorski, Maria Sophie"]
[Black "Höschen, Franziska"]
[Result "1-0"]
[WhiteElo "1357"]
[BlackElo "1306"]
[PlyCount "97"]
[EventDate "2010.??.??"]
[WhiteTeam "SK Freiburg-Zähringen 1887 e.V."]
[BlackTeam "SF Paderborn 2000"]

1. e4 c5 2. Nf3 Nc6 3. d4 cxd4 4. Nxd4 g6 5. Nc3 Bg7 6. Nb3 Nf6 7. Be2 O-O 8.
O-O d6 9. Be3 Bd7 10. Qd2 Re8 11. Bh6 Bh8 12. Rad1 Bg4 13. f3 Qb6+ 14. Be3 Qc7
15. fxg4 Nd7 16. Bb5 Nde5 17. Qf2 a6 18. Bxc6 Qxc6 19. Bd4 Rf8 20. Nd5 Rae8 21.
Qe2 Qc8 22. h3 Bg7 23. a3 Qd8 24. h4 e6 25. Nb6 Qxh4 26. Bf2 Qd8 27. a4 Qc7 28.
a5 Rd8 29. Bh4 f6 30. Nd4 Qe7 31. Nc4 Nc6 32. Nxc6 bxc6 33. Nb6 Qa7 34. Qc4
Rde8 35. Rxd6 Rf7 36. Rxe6 Rxe6 37. Qxe6 h6 38. Bxf6 Kh7 39. Bxg7 Rxf1+ 40.
Kxf1 Qxg7 41. Qd7 g5 42. Qxg7+ Kxg7 43. Nd7 Kf7 44. Nb8 Ke7 45. Nxa6 Kd7 46.
Nc5+ Kc7 47. b4 Kd6 48. a6 Kc7 49. e5 1-0

[Event "SF Paderborn 2000-SK Freiburg-Zähringen "]
[Site "?"]
[Date "2010.12.28"]
[Round "4.3"]
[White "Krißmer, Maria"]
[Black "Schrödter, Lisa"]
[Result "0-1"]
[WhiteElo "800"]
[BlackElo "1132"]
[PlyCount "106"]
[EventDate "2010.??.??"]
[WhiteTeam "SK Freiburg-Zähringen 1887 e.V."]
[BlackTeam "SF Paderborn 2000"]

1. e4 e5 2. Nf3 Nc6 3. Bc4 Bc5 4. c3 Nf6 5. d4 exd4 6. cxd4 Bxd4 7. Nxd4 Nxe4
8. Nxc6 bxc6 9. Qe2 d5 10. Bd3 O-O 11. Nc3 Nxc3 12. bxc3 Re8 13. Qxe8+ Qxe8+
14. Be3 Qe5 15. Rc1 Rb8 16. O-O Rb2 17. Rc2 Rxc2 18. Bxc2 Qxc3 19. Rc1 d4 20.
Bf4 d3 21. Bb3 Qd4 22. Be3 Qb4 23. h3 Be6 24. Bxe6 fxe6 25. Rd1 Qc4 26. Rc1
Qxa2 27. Rd1 Qe2 28. Rd2 Qe1+ 29. Kh2 Qb1 30. Kg3 a5 31. Bc5 a4 32. Kf4 Qc1 33.
Be3 a3 34. Rxd3 Qc4+ 35. Rd4 e5+ 36. Kxe5 Qc5+ 37. Rd5 Qe7+ 38. Kf4 cxd5 39. f3
a2 40. Bd4 Qb4 41. Ke3 c5 42. Be5 d4+ 43. Kd3 a1=Q 44. Ke4 d3+ 45. Kf5 Qc1 46.
f4 g6+ 47. Kg5 c4 48. Bg7 Qe7+ 49. Bf6 h6+ 50. Kxg6 Qf7+ 51. Kxh6 Qxf4+ 52. Bg5
Qd6+ 53. Bf6 Qdxf6# 0-1

[Event "SF Paderborn 2000-SK Freiburg-Zähringen "]
[Site "?"]
[Date "2010.12.28"]
[Round "4.4"]
[White "Thölke, Nina"]
[Black "Atabay, Hatun"]
[Result "0-1"]
[WhiteElo "1054"]
[BlackElo "800"]
[PlyCount "92"]
[EventDate "2010.??.??"]
[WhiteTeam "SF Paderborn 2000"]
[BlackTeam "SK Freiburg-Zähringen 1887 e.V."]

1. e4 e5 2. Nf3 Nc6 3. Bc4 Bc5 4. O-O Nf6 5. d3 d5 6. Bb5 O-O 7. Bg5 dxe4 8.
dxe4 Bg4 9. h3 Qxd1 10. Rxd1 Bxf3 11. gxf3 Nh5 12. Nc3 Nb4 13. Rd2 c6 14. Ba4
b5 15. Bb3 Bd4 16. a3 Na6 17. Nd1 Nf4 18. h4 Nh3+ 19. Kg2 Nxg5 20. hxg5 c5 21.
c3 c4 22. cxd4 Rad8 23. d5 cxb3 24. Nc3 b4 25. Nb5 Rd7 26. axb4 Rb8 27. Rxa6
Rxb5 28. Rd3 Rxb4 29. Rc3 h5 30. Kh3 g6 31. Rc8+ Kg7 32. Rac6 a5 33. Ra6 a4 34.
Raa8 f6 35. Rg8+ Kf7 36. Raf8+ Ke7 37. Rxf6 a3 38. Re6+ Kf7 39. Rgxg6 axb2 40.
Rh6 b1=Q 41. g6+ Kg7 42. Rh7+ Kf8 43. Rxd7 Qh1+ 44. Kg3 Qg1+ 45. Kh4 Rxe4+ 46.
fxe4 Qg4# 0-1